LEADER 01727nam 2200541 450 001 9910208947503321 005 20161209162301.0 010 $a1-118-40962-0 010 $a1-118-40957-4 010 $a1-118-40959-0 035 $a(CKB)3710000000726748 035 $a(MiAaPQ)EBC4547404 035 $a(DLC) 2016038979 035 $a(EXLCZ)993710000000726748 100 $a20160629h20162016 uy 0 101 0 $aeng 135 $aurcnu|||||||| 181 $2rdacontent 182 $2rdamedia 183 $2rdacarrier 200 00$aAntelope conservation $efrom diagnosis to action /$fedited by Jakob Bro-Jørgensen, David P. Mallon 210 1$aChichester, England :$cWiley Blackwell,$d2016. 210 4$d©2016 215 $a1 online resource (384 pages, 12 unnumbered pages of plates) $ccolor illustrations, photographs 225 1 $aConservation Science and Practice ;$vNumber 16 311 $a1-118-40963-9 311 $a1-118-40964-7 320 $aIncludes bibliographical references at the end of each chapters and index. 410 0$aConservation science and practice series ; Number 16. 606 $aWildlife conservation 606 $aAntelopes$xConservation 606 $aAntelopes$zAfrica 606 $aEndangered species 608 $aElectronic books. 615 0$aWildlife conservation. 615 0$aAntelopes$xConservation. 615 0$aAntelopes 615 0$aEndangered species. 676 $a333.95416 702 $aBro-Jørgensen$b Jakob 702 $aMallon$b D. P$g(David P.), 801 0$bMiAaPQ 801 1$bMiAaPQ 801 2$bMiAaPQ 906 $aBOOK 912 $a9910208947503321 996 $aAntelope conservation$92255214 997 $aUNINA LEADER 01385nam 2200409z- 450 001 9910689422003321 005 20161209100919.0 035 $a(CKB)5860000000018744 035 $a(BIP)008680377 035 $a(EXLCZ)995860000000018744 100 $a20220406c2001uuuu -u- - 101 0 $aeng 200 14$aThe California energy crisis $eimpacts, causes, and remedies : hearing before the Committee on Financial Services, U.S. House of Representatives, One Hundred Seventh Congress, first session, June 20, 2001 215 $a1 online resource (iii, 188 p.) $cill 311 $a0-16-066314-8 517 $aCalifornia energy crisis 606 $aEnergy policy$zCalifornia 606 $aEnergy industries$zCalifornia 606 $aPower resources$zCalifornia$xCosts 606 $aElectric utilities$xDeregulation$zCalifornia 610 $aEnergy policy 610 $aEnergy industries 610 $aPower resources 610 $aElectric utilities 610 $aIndustries 610 $aPolitical science 610 $aLaw 610 $aTechnology & engineering 610 $aBusiness & economics 615 0$aEnergy policy 615 0$aEnergy industries 615 0$aPower resources$xCosts. 615 0$aElectric utilities$xDeregulation 906 $aBOOK 912 $a9910689422003321 996 $aThe California energy crisis$93146702 997 $aUNINA